<?xml version="1.0" encoding="UTF-8"?>
<record
    xmlns:xsi="http://www.w3.org/2001/XMLSchema-instance"
    xsi:schemaLocation="http://www.loc.gov/MARC21/slim http://www.loc.gov/standards/marcxml/schema/MARC21slim.xsd"
    xmlns="http://www.loc.gov/MARC21/slim">

  <leader>01424nam0a22003851  4500</leader>
  <controlfield tag="001">RU\NLR\Evr\591</controlfield>
  <controlfield tag="005">20260406155210.0</controlfield>
  <datafield tag="035" ind1=" " ind2=" ">
    <subfield code="a">(NLR Aleph) 011416985</subfield>
  </datafield>
  <datafield tag="090" ind1=" " ind2=" ">
    <subfield code="a">11589166</subfield>
    <subfield code="c">11589166</subfield>
  </datafield>
  <datafield tag="100" ind1=" " ind2=" ">
    <subfield code="a">20061010d1937    u  y0rusy50      ca</subfield>
  </datafield>
  <datafield tag="101" ind1="1" ind2=" ">
    <subfield code="a">yid</subfield>
  </datafield>
  <datafield tag="102" ind1=" " ind2=" ">
    <subfield code="a">RU</subfield>
  </datafield>
  <datafield tag="105" ind1=" " ind2=" ">
    <subfield code="a">y |||||||||</subfield>
  </datafield>
  <datafield tag="200" ind1="1" ind2=" ">
    <subfield code="6">a01</subfield>
    <subfield code="7">ba</subfield>
    <subfield code="a">Vayser shtoystson</subfield>
    <subfield code="f">Dzhek London</subfield>
    <subfield code="g">Fun english - D. Vendrof</subfield>
  </datafield>
  <datafield tag="210" ind1=" " ind2=" ">
    <subfield code="6">a01</subfield>
    <subfield code="a">Moskve</subfield>
    <subfield code="c">Emes</subfield>
    <subfield code="d">1937</subfield>
    <subfield code="7">ba</subfield>
  </datafield>
  <datafield tag="210" ind1=" " ind2=" ">
    <subfield code="6">a01</subfield>
    <subfield code="9">z02</subfield>
    <subfield code="a">&#x5DE;&#x5D0;&#x5B8;&#x5E1;&#x5E7;&#x5D5;&#x5D5;&#x5E2;</subfield>
    <subfield code="c">&#x5E2;&#x5DE;&#x5E2;&#x5E1;</subfield>
    <subfield code="d">1937</subfield>
  </datafield>
  <datafield tag="210" ind1=" " ind2=" ">
    <subfield code="9">z02</subfield>
    <subfield code="a">&#x41C;&#x43E;&#x441;&#x43A;&#x432;&#x430;</subfield>
    <subfield code="c">&#x42D;&#x43C;&#x435;&#x441;</subfield>
    <subfield code="d">1937</subfield>
    <subfield code="7">ca</subfield>
  </datafield>
  <datafield tag="215" ind1=" " ind2=" ">
    <subfield code="a">314 &#x441;.</subfield>
    <subfield code="d">20 &#x441;&#x43C;.</subfield>
  </datafield>
  <datafield tag="510" ind1="1" ind2=" ">
    <subfield code="6">a01</subfield>
    <subfield code="a">&#x5D5;&#x5D5;&#x5D9;&#x5E1;&#x5E2;&#x5E8; &#x5E9;&#x5D8;&#x5D5;&#x5D9;&#x5E1;&#x5E6;&#x5D0;&#x5B8;&#x5E0;</subfield>
    <subfield code="f">&#x5D3;&#x5D6;&#x5E9;&#x5E2;&#x5E7; &#x5DC;&#x5D0;&#x5B8;&#x5E0;&#x5D3;&#x5D0;&#x5B8;&#x5E0;</subfield>
    <subfield code="g">&#x5E4;&#x5D5;&#x5E0; &#x5E2;&#x5E0;&#x5D2;&#x5DC;&#x5D9;&#x5E9; - &#x5D3;. &#x5D5;&#x5D5;&#x5E2;&#x5E0;&#x5D3;&#x5E8;&#x5D0;&#x5B8;&#x5E4;</subfield>
  </datafield>
  <datafield tag="541" ind1="1" ind2=" ">
    <subfield code="a">&#x411;&#x435;&#x43B;&#x44B;&#x439; &#x43A;&#x43B;&#x44B;&#x43A;</subfield>
    <subfield code="z">rus</subfield>
  </datafield>
  <datafield tag="700" ind1=" " ind2="1">
    <subfield code="4">070</subfield>
    <subfield code="8">rus</subfield>
    <subfield code="7">ca</subfield>
    <subfield code="a">&#x41B;&#x43E;&#x43D;&#x434;&#x43E;&#x43D;</subfield>
    <subfield code="b">&#x414;.</subfield>
    <subfield code="f">1876-1916</subfield>
    <subfield code="g">&#x414;&#x436;&#x435;&#x43A;</subfield>
    <subfield code="3">RU\NLR\AUTH\777462</subfield>
    <subfield code="9">117396</subfield>
  </datafield>
  <datafield tag="702" ind1=" " ind2="1">
    <subfield code="6">a01</subfield>
    <subfield code="a">&#x412;&#x435;&#x43D;&#x434;&#x440;&#x43E;&#x432;</subfield>
    <subfield code="b">&#x417;.</subfield>
    <subfield code="f">1879-1971</subfield>
    <subfield code="g">&#x417;&#x430;&#x43B;&#x43C;&#x430;&#x43D;</subfield>
    <subfield code="3">RU\NLR\AUTH\7952441</subfield>
    <subfield code="4">730</subfield>
    <subfield code="7">ca</subfield>
  </datafield>
  <datafield tag="702" ind1=" " ind2="1">
    <subfield code="6">a01</subfield>
    <subfield code="a">Vendrof</subfield>
    <subfield code="b">D.</subfield>
    <subfield code="4">730</subfield>
    <subfield code="7">ba</subfield>
  </datafield>
  <datafield tag="702" ind1=" " ind2="1">
    <subfield code="6">a01</subfield>
    <subfield code="a">&#x5D5;&#x5D5;&#x5E2;&#x5E0;&#x5D3;&#x5E8;&#x5D0;&#x5B8;&#x5E3;</subfield>
    <subfield code="b">.&#x5D3;</subfield>
    <subfield code="4">730</subfield>
  </datafield>
  <datafield tag="790" ind1=" " ind2="1">
    <subfield code="6">a01</subfield>
    <subfield code="a">London</subfield>
    <subfield code="b">J.</subfield>
    <subfield code="f">1876-1916</subfield>
    <subfield code="g">Jak</subfield>
    <subfield code="4">070</subfield>
    <subfield code="7">ba</subfield>
  </datafield>
  <datafield tag="790" ind1=" " ind2="1">
    <subfield code="6">a01</subfield>
    <subfield code="a">&#x5DC;&#x5D0;&#x5B8;&#x5E0;&#x5D3;&#x5D0;&#x5B8;&#x5DF;</subfield>
    <subfield code="b">.&#x5D3;</subfield>
    <subfield code="f">1876-1916</subfield>
    <subfield code="g">&#x5D3;&#x5D6;&#x5E9;&#x5E2;&#x5E7;</subfield>
    <subfield code="4">070</subfield>
  </datafield>
  <datafield tag="801" ind1=" " ind2="0">
    <subfield code="a">RU</subfield>
    <subfield code="b">NLR</subfield>
    <subfield code="c">20061010</subfield>
    <subfield code="g">psbo</subfield>
  </datafield>
  <datafield tag="801" ind1=" " ind2="0">
    <subfield code="a">RU</subfield>
    <subfield code="b">NLR</subfield>
    <subfield code="g">PSBO</subfield>
  </datafield>
  <datafield tag="801" ind1=" " ind2="1">
    <subfield code="a">RU</subfield>
    <subfield code="b">NLR</subfield>
    <subfield code="c">20061010</subfield>
    <subfield code="2">rusmarc</subfield>
  </datafield>
  <datafield tag="801" ind1=" " ind2="2">
    <subfield code="a">RU</subfield>
    <subfield code="b">NLR</subfield>
    <subfield code="c">20080317</subfield>
    <subfield code="2">rusmarc</subfield>
  </datafield>
  <datafield tag="852" ind1=" " ind2=" ">
    <subfield code="a">NLR</subfield>
    <subfield code="b">&#x41E;&#x41B;&#x421;&#x410;&#x410;/&#x438;&#x434;&#x438;&#x448;</subfield>
    <subfield code="j">&#x41A;-5460</subfield>
  </datafield>
  <datafield tag="942" ind1=" " ind2=" ">
    <subfield code="c">BOOK</subfield>
  </datafield>
  <datafield tag="980" ind1=" " ind2=" ">
    <subfield code="a">NB</subfield>
  </datafield>
  <datafield tag="980" ind1="1" ind2=" ">
    <subfield code="a">IDISH</subfield>
  </datafield>
</record>
